| 000 | 01876nam a22002537a 4500 | ||
|---|---|---|---|
| 003 | Uzh_bibl | ||
| 008 | 260427b |||||||| |||| 00| 0 ukr d | ||
| 020 |
_a978-617-12-2275-5 _c45.00 |
||
| 040 | _bукр. | ||
| 041 |
_2ukr _aukr |
||
| 080 | _a821(477) | ||
| 090 |
_a821(477) _bО 53 |
||
| 100 | _aОлендій , Леся | ||
| 245 |
_aГніздо горлиці _cкер.проє. В.Тютюнник; ред. П.Коробчук; корект. В.Немашкало; худож. ред. Ю.Дзекунова та ін. _hТекст |
||
| 260 |
_aХарків _bКнижковий Клуб "Клуб Сімейного Дозвілля" _c2017 |
||
| 300 |
_a240 с. _fВ опр. |
||
| 520 | _aПодейкують, горлиці будують свої гнізда лише там, де живуть щасливі люди… Дарина пишалася своєю родиною, красунею донькою, яка навчалася в університеті. У минулому два роки заробітчанських поневірянь в Італії заради майбутнього сім’ї. Роботи Дарина не цуралася ніякої — і ось тепер повертається… Та чому в гостинці, солодких великодніх італійських «голубах», їй вчувається гіркота? Через побачене вдома, через спогади, що не дають спати? Чи через маленьке життя десь під її серцем?. | ||
| 521 | _aДля широкого кола читачів | ||
| 546 | _aукр. | ||
| 650 | _aЛітературно-художнє видання | ||
| 653 |
_aСпогади _aРодина _aРобота в Італії |
||
| 655 |
_aПроза _vРоман |
||
| 942 |
_2udc _cBK |
||
| 999 |
_c17526 _d17526 |
||